Statistics for Countries By Lakes

Click here to take the quiz!

General Stats

  • This quiz has been taken 12 times
  • The average score is 7 of 9

Answer Stats

LakeCountry% Correct
Lake NicaraguaNicaragua
100%
Lake ShikotsuJapan
83%
Lake BaikalRussia
83%
Lake MaracaiboVenezuela
83%
Lake HuangqiChina
75%
Lake TsomgoIndia
75%
Lake EğirdirTurkey
67%
Lake BardawilEgypt
50%
Lake SevanArmenia
33%

Score Distribution

Percentile by Number Answered

Percent of People with Each Score

Your Score History

You have not taken this quiz